UM Logo

A mind for tomorrow : (Record no. 5952)

MARC details
000 -LEADER
fixed length control field 00660nam a2200193 4500
008 - FIXED-LENGTH DATA ELEMENTS--GENERAL INFORMATION
fixed length control field 161203b xxu||||| |||| 00| 0 eng d
020 ## - INTERNATIONAL STANDARD BOOK NUMBER
International Standard Book Number 0-275-96634-8
082 ## - DEWEY DECIMAL CLASSIFICATION NUMBER
Edition number 2000
Classification number DC 612.82
Item number St7m
100 ## - MAIN ENTRY--PERSONAL NAME
9 (RLIN) 18056
Personal name Stover, David
245 ## - TITLE STATEMENT
Title A mind for tomorrow :
Remainder of title facts, values, and the future /
Statement of responsibility, etc. David Stover and Erika Erdmann.
260 ## - PUBLICATION, DISTRIBUTION, ETC. (IMPRINT)
Place of publication, distribution, etc. Westport, Connecticut :
Name of publisher, distributor, etc. Praeger,
Date of publication, distribution, etc. 2000.
300 ## - PHYSICAL DESCRIPTION
Extent xvii, 203 pages ;
Dimensions 25 cm.
500 ## - GENERAL NOTE
General note Includes bibliographical references and index.
650 #0 - SUBJECT ADDED ENTRY--TOPICAL TERM
9 (RLIN) 18057
Topical term or geographic name as entry element Consciousness
650 #0 - SUBJECT ADDED ENTRY--TOPICAL TERM
9 (RLIN) 18058
Topical term or geographic name as entry element Split brain
650 #0 - SUBJECT ADDED ENTRY--TOPICAL TERM
9 (RLIN) 18059
Topical term or geographic name as entry element Religion and science
700 ## - ADDED ENTRY--PERSONAL NAME
9 (RLIN) 18060
Personal name Erdmann, Erika
942 ## - ADDED ENTRY ELEMENTS (KOHA)
Source of classification or shelving scheme Dewey Decimal Classification
Koha item type Circulation
Holdings
Withdrawn status Lost status Source of classification or shelving scheme Damaged status Not for loan Collection code Home library Current library Shelving location Date acquired Source of acquisition Total Checkouts Full call number Barcode Date last seen Copy number Price effective from Koha item type
    Dewey Decimal Classification     Circulation UM Digos College - LIC UM Digos College - LIC Book Cart 04/10/2008 PLMP   DC 612.82 St7m 2000 19434 05/15/2025 1 12/03/2016 Circulation